Fisiología médica (Registro nro. 3493)
[ vista simple ]
| 000 -CABECERA | |
|---|---|
| Longitud fija campo de control | 00846nam a2200241 b 4500 |
| 003 - IDENTIFICADOR DELl NÚMERO DE CONTROL | |
| Identificador del número de control | OSt |
| 005 - FECHA Y HORA DE LA ÚLTIMA TRANSACCIÓN | |
| Fecha y hora de la última transacción | 20140822213003.0 |
| 008 - CÓDIGOS DE INFORMACIÓN DE LONGITUD FIJA | |
| Códigos de información de longitud fija | 090113s2010 mex ||| ||spa c |
| 020 ## - NÚMERO INTERNACIONAL NORMALIZADO PARA LIBROS | |
| Número Internacional Normalizado para Libros (ISBN) | 978-607-15-0305-3 |
| 040 ## - FUENTE DE LA CATALOGACIÓN | |
| Centro catalogador de origen | BR-MU |
| Centro transcriptor | BMC |
| 082 ## - NÚMERO DE LA CLASIFICACIÓN DECIMAL DEWEY | |
| Númeroo de clasificación | 612 |
| 100 1# - PUNTO DE ACCESO PRINCIPAL-NOMBRE DE PERSONA | |
| 9 (RLIN) | 8074 |
| Nombre de persona | Ganong, William F. |
| Fechas asociadas al nombre | 1924-2007 |
| 245 10 - MENCIÓN DE TÍTULO | |
| Título | Fisiología médica |
| Mención de responsabilidad, etc. | Ganong ; [editores, Kim E. Barrett ... (et al.) ; traducción, Martha Elena Araiza Martínez ... (et al.)] |
| 250 ## - MENCIÓN DE EDICIÓN | |
| Mención de edición | 23ª ed |
| 260 ## - PUBLICACIÓN, DISTRIBUCIÓN, ETC. (PIE DE IMPRENTA) | |
| Lugar de publicación, distribución, etc. | México, D.F. [etc.] |
| Nombre del editor, distribuidor, etc. | McGraw-HIll |
| Fecha de publicación, distribución, etc. | 2010 |
| 300 ## - DESCRIPCIÓN FÍSICA | |
| Extensión | X, 714 p. |
| Otras características físicas | il., gráf. |
| Dimensiones | 29 cm |
| 594 ## - NOTA AL TÍTULO Y MENCIÓN DE RESPONSABIBLIDAD | |
| Nota Al Título Y Mención De Responsabilidad | Precede al tít.: A Lange medical book |
| 594 ## - NOTA AL TÍTULO Y MENCIÓN DE RESPONSABIBLIDAD | |
| Nota Al Título Y Mención De Responsabilidad | Traducción de: Ganong's review of a medical physiology, 23rd ed. |
| 650 24 - PUNTO DE ACCESO ADICIONAL DE MATERIA - TÉRMINO DE MATERIA | |
| Término de materia o nombre geográfico como elemento inicial | Fisiología humana |
| 9 (RLIN) | 580 |
| 700 1# - PUNTO DE ACCESO ADICIONAL - NOMBRE DE PERSONA | |
| 9 (RLIN) | 8046 |
| Nombre de persona | Barrett, Kim E. |
| 700 1# - PUNTO DE ACCESO ADICIONAL - NOMBRE DE PERSONA | |
| 9 (RLIN) | 7985 |
| Nombre de persona | Araiza Martínez, Martha Elena |
| 942 ## - ENTRADA DE ELEMENTOS AGREGADOS (KOHA) | |
| Fuente de clasificaión o esquema | Dewey Decimal Classification |
| Koha [por defecto] tipo de item | 1- Monografias |
| Suprimido | Perdido | Fuente de clasificación o esquema | Estropeado | Restricciones de uso | No para préstamo | Código de colección | Localización permanente | Localización actual | Localización en estanter&íacute;as | Fecha adquisición | Fuente de adquisición | Número de inventario | Préstamos totales | Renovaciones totales | Signatura completa | Código de barras | Fecha última consulta | Fecha último préstamo | Coste, precio reemplazado | Fecha del precio de reemplazo | Tipo de item de Koha |
|---|---|---|---|---|---|---|---|---|---|---|---|---|---|---|---|---|---|---|---|---|---|
| NULL | NULL | Dewey Decimal Classification | NULL | Prestable | NULL | NULL | Biblioteca Miguel de Cervantes - UNICAES | Biblioteca Miguel de Cervantes - UNICAES | Sala Principal | 28/10/2013 | Donación - Facultad de Ciencias y Humanidades | 005631 | 8 | 1 | 612 GAN fis | 1005631 | 12/03/2019 | 12/03/2019 | 50.00 | 28/10/2013 | 1- Monografias |
| NULL | NULL | Dewey Decimal Classification | NULL | Prestable | NULL | NULL | Biblioteca Miguel de Cervantes - UNICAES | Biblioteca Miguel de Cervantes - UNICAES | Sala Principal | 28/10/2013 | Donación - Facultad de Ciencias y Humanidades | 005632 | 13 | 2 | 612 GAN fis | 1005632 | 30/09/2019 | 25/09/2019 | 50.00 | 28/10/2013 | 1- Monografias |
| NULL | NULL | Dewey Decimal Classification | NULL | Prestable | NULL | NULL | Biblioteca Miguel de Cervantes - UNICAES | Biblioteca Miguel de Cervantes - UNICAES | Sala Principal | 28/10/2013 | Donación - Facultad de Ciencias y Humanidades | 005633 | 14 | 1 | 612 GAN fis | 1005633 | 01/09/2022 | 01/09/2022 | 50.00 | 28/10/2013 | 1- Monografias |
| NULL | NULL | Dewey Decimal Classification | NULL | Prestable | NULL | NULL | Biblioteca Miguel de Cervantes - UNICAES | Biblioteca Miguel de Cervantes - UNICAES | Sala Principal | 28/10/2013 | Donación - Facultad de Ciencias y Humanidades | 005634 | 10 | 2 | 612 GAN fis | 1005634 | 03/01/2019 | 03/01/2019 | 50.00 | 28/10/2013 | 1- Monografias |
| NULL | NULL | Dewey Decimal Classification | NULL | Prestable | NULL | NULL | Biblioteca Miguel de Cervantes - UNICAES | Biblioteca Miguel de Cervantes - UNICAES | Sala Principal | 28/10/2013 | Donación - Facultad de Ciencias y Humanidades | 005635 | 4 | 612 GAN fis | 1005635 | 01/09/2022 | 19/07/2019 | 50.00 | 28/10/2013 | 1- Monografias |